[Event "VIE-ch U15 Girls"]
[Site "Hanoi"]
[Date "2022.06.16"]
[Round "8"]
[White "Ly, Ngoc Huynh Anh"]
[Black "Ngo, Thi Kieu Tho"]
[Result "1/2-1/2"]
[WhiteElo "2123"]
[BlackElo "2097"]
[PlyCount "102"]
[EventDate "2022.06.11"]
[EventType "swiss"]
[EventRounds "9"]
[EventCountry "VIE"]
[SourceTitle "EXT 2023"]
[Source "ChessBase"]
[SourceDate "2022.10.05"]
[SourceVersion "1"]
[SourceVersionDate "2022.10.05"]
[SourceQuality "1"]

1. e4 e5 2. Bc4 Nf6 3. d3 c6 4. a3 d5 5. exd5 cxd5 6. Ba2 Nc6 7. b4 Be7 8. h3 0-0 9. Ne2 e4 10. dxe4 dxe4 11. 0-0 Bf5 12. Be3 Rc8 13. Nd2 Nd5 14. c4 Nxe3 15. fxe3 Bg6 16. c5 Bg5 17. Nf4 Bxf4 18. Rxf4 Qd3 19. Nc4 Rcd8 20. Qxd3 exd3 21. Rd1 h6 22. Nd6 b6 23. e4 Ne5 24. Nf5 Kh7 25. Ne7 Rfe8 26. Nf5 Bh5 27. g4 g5 28. Rf2 Nxg4 29. hxg4 Bxg4 30. Rdd2 Rxe4 31. Nd6 Re3 32. Rxf7+ Kg6 33. Bc4 Be2 34. Rxa7 bxc5 35. bxc5 Kh5 36. c6 Rxd6 37. c7 Rc6 38. Ba6 Bg4 39. Bxd3 Rc3 40. Rh2+ Rh3 41. Rxh3+ Bxh3 42. Ba6 Kg6 43. a4 Bd7 44. a5 Kh5 45. Be2+ Kh4 46. Kf2 g4 47. Ra6 h5 48. Rf6 g3+ 49. Kg1 Rc2 50. a6 Rc1+ 51. Rf1 Rxc7 1/2-1/2